| 000 | 00773nam a2200217 a 4500 | ||
|---|---|---|---|
| 999 |
_c12326 _d12326 |
||
| 001 | 12326 | ||
| 003 | BD-JhCC | ||
| 005 | 20221107134024.0 | ||
| 008 | 210601s2021 bg |||| |||| 000 0 ben d | ||
| 020 | _a9789848073613 | ||
| 035 | _a(BD-JhCC)12326 | ||
| 040 |
_aBD-JhCC _dBD-JhCC |
||
| 041 | _aBengla | ||
| 082 |
_a914 _bMAZ 2021 |
||
| 100 | _aমজুমদার, এ কে এম আবদুল আউয়াল | ||
| 245 |
_aচেনা অচেনা ইউরোপ মহাদেশ / _cএ কে এম আবদুল আউয়াল মজুমদার |
||
| 260 |
_aঢাকা : _bমুক্তচিন্তা, _c২০২১। |
||
| 300 |
_a৬৩১ পৃ. : _c২১ সেমি. |
||
| 650 |
_aTravel _zEurope |
||
| 942 |
_2ddc _cBK _01 |
||